Štúdium enzymatickej prípravy alkylglykozidov

Gespeichert in:
Bibliographische Detailangaben
1. Verfasser: Almášiová, Tereza (Verfasst von)
Weitere Verfasser: Štefuca, Vladimír (Betreuung Doktorarbeit)
Format: Manuskript Buch
Sprache:Slowakisch
Veröffentlicht: 2023
Schlagworte:
Online-Zugang:http://is.stuba.sk/zp/portal_zp.pl?podrobnosti=163473
Tags: Tag hinzufügen
Keine Tags, Fügen Sie das erste Tag hinzu!

MARC

LEADER 00000ntm a22000003a 4500
001 stuzp94572
003 SK-STU
005 20230909222526.2
007 ta
008 150427s2015----xo-----f-mn---000-0-slo-d
040 |a STU  |b slo 
041 0 |a slo 
100 1 |a Almášiová, Tereza  |u 044000  |4 aut  |U FCHPT Fakulta chemickej a potravinárskej technológie  |T FCHPT Ústav biotechnológie  |X 111565  |U C4000  |Y 102  |7 111565 
242 0 1 |a Study of enzymatic preparation of alkylglycosides  |y eng 
245 1 0 |a Štúdium enzymatickej prípravy alkylglykozidov 
260 |c 2023 
650 4 |a alkylglykozidy  |2 slo 
650 4 |a transglykozylácia  |2 slo 
650 4 |a β-galaktozidáza  |2 slo 
650 4 |a biotransformácia  |2 slo 
650 4 |a alkylglycosides  |2 eng 
650 4 |a transglycosylation  |2 eng 
650 4 |a β-galactosidase  |2 eng 
650 4 |a biotransformation  |2 eng 
700 1 |a Štefuca, Vladimír  |u 044000  |k Z1  |4 ths  |U FCHPT Fakulta chemickej a potravinárskej technológie  |T FCHPT Ústav biotechnológie  |X 3884  |U C4000  |Y 102  |7 3884 
856 4 |u http://is.stuba.sk/zp/portal_zp.pl?podrobnosti=163473